<?xml version="1.0" encoding="UTF-8"?><?xml-stylesheet type="text/xsl" href="static/style.xsl"?><OAI-PMH xmlns="http://www.openarchives.org/OAI/2.0/" xmlns:xsi="http://www.w3.org/2001/XMLSchema-instance" xsi:schemaLocation="http://www.openarchives.org/OAI/2.0/ http://www.openarchives.org/OAI/2.0/OAI-PMH.xsd"><responseDate>2026-06-06T02:46:04Z</responseDate><request verb="GetRecord" identifier="oai:riuma.uma.es:10630/17814" metadataPrefix="marc">https://riuma.uma.es/rest/oai/request</request><GetRecord><record><header><identifier>oai:riuma.uma.es:10630/17814</identifier><datestamp>2026-02-03T11:47:57Z</datestamp><setSpec>com_10630_2254</setSpec><setSpec>col_10630_37959</setSpec></header><metadata><record xmlns="http://www.loc.gov/MARC21/slim" xmlns:dcterms="http://purl.org/dc/terms/" xmlns:doc="http://www.lyncode.com/xoai" xmlns:xsi="http://www.w3.org/2001/XMLSchema-instance" xsi:schemaLocation="http://www.loc.gov/MARC21/slim http://www.loc.gov/standards/marcxml/schema/MARC21slim.xsd">
   <leader>00925njm 22002777a 4500</leader>
   <datafield ind2=" " ind1=" " tag="042">
      <subfield code="a">dc</subfield>
   </datafield>
   <datafield ind2=" " ind1=" " tag="720">
      <subfield code="a">Cantero-Téllez, Raquel</subfield>
      <subfield code="e">author</subfield>
   </datafield>
   <datafield ind2=" " ind1=" " tag="720">
      <subfield code="a">García-Orza, Santiago</subfield>
      <subfield code="e">author</subfield>
   </datafield>
   <datafield ind2=" " ind1=" " tag="720">
      <subfield code="a">Villafañe, Jorge Hugo</subfield>
      <subfield code="e">author</subfield>
   </datafield>
   <datafield ind2=" " ind1=" " tag="720">
      <subfield code="a">Valdes, Kristin</subfield>
      <subfield code="e">author</subfield>
   </datafield>
   <datafield ind2=" " ind1=" " tag="260">
      <subfield code="c">2019-06-17</subfield>
   </datafield>
   <datafield ind2=" " ind1=" " tag="520">
      <subfield code="a">Objective: The radial nerve is a commonly injured upper extremity peripheral nerve. The inability to extend the wrist results in the loss of hand function and dexterity that affects patients' ability to perform their activities of daily living. There is not strong evidence to support orthosis efficacy to improve dexterity. The purpose of this study was to evaluate whether a static or dynamic orthosis resulted in improved hand dexterity when assessed with the 9-HPT after radial nerve injury.&#xd;
Materials and Methods: Twenty three participants who suffered radial nerve palsy participated in the study. The test was&#xd;
repeated three times for each participant, first without the orthosis, and then wearing the static&#xd;
orthosis, and finally wearing the dynamic orthosis. The 9-HPT was used as the outcome measure.&#xd;
Results: The distribution of the 9-HPT times (sec) was of 35.7 ±4.9 without a wrist orthoses, and decreased with the use of the static and the dynamic orthoses to 33.7 ±4.8 (P&lt;0.01) and 24.6 ±2.6) (P&lt;0.01) respectively.&#xd;
Conclusions: The use of a dynamic orthosis after radial nerve palsy can provide the patient with greater manual&#xd;
dexterity when compared to the use of a static orthosis.</subfield>
   </datafield>
   <datafield ind1="8" ind2=" " tag="024">
      <subfield code="a">https://hdl.handle.net/10630/17814</subfield>
   </datafield>
   <datafield tag="653" ind2=" " ind1=" ">
      <subfield code="a">Congresos y conferencias</subfield>
   </datafield>
   <datafield tag="653" ind2=" " ind1=" ">
      <subfield code="a">Lesiones nerviosas</subfield>
   </datafield>
   <datafield ind2="0" ind1="0" tag="245">
      <subfield code="a">Analyzing the effects of a dynamic or static orthosis after radical nerve injury using the Nine-Hole Peg Test</subfield>
   </datafield>
</record>
</metadata></record></GetRecord></OAI-PMH>